[Event "EU-ch 2nd"]
[Site "Ohrid"]
[Date "2001.06.09"]
[Round "8"]
[White "Aseev, Konstantin N"]
[Black "Van Wely, Loek"]
[Result "0-1"]
[WhiteElo "2577"]
[BlackElo "2670"]
[PlyCount "70"]
[EventDate "2001.06.01"]
[EventType "swiss"]
[EventRounds "13"]
[EventCountry "YUG"]
[SourceTitle "CBM 084"]
[Source "ChessBase"]
[SourceDate "2001.09.13"]
[SourceVersion "1"]
[SourceVersionDate "2001.09.13"]
[SourceQuality "1"]

1. d4 Nf6 2. c4 g6 3. Nc3 d5 4. cxd5 Nxd5 5. e4 Nxc3 6. bxc3 Bg7 7. Qa4+ Bd7 8. Qb3 c5 9. d5 0-0 10. Bd2 Qc8 11. Rb1 Na6 12. Nf3 e6 13. Bc4 Rb8 14. dxe6 Bxe6 15. Bxe6 Qxe6 16. Qxe6 fxe6 17. Ke2 b5 18. Rhd1 c4 19. Nd4 Bxd4 20. cxd4 b4 21. Rbc1 Rfc8 22. Bf4 Rb5 23. d5 exd5 24. exd5 c3 25. d6 Nb8 26. d7 Rd8 27. Bxb8 Rbxb8 28. Rd5 Kf7 29. Kd3 Ke6 30. Kc4 Rb7 31. Re1+ Kf7 32. Red1 Ke6 33. Re1+ Kf6 34. Red1 a5 35. f4 Rbxd7 0-1

[Event "EU-ch 2nd"]
[Site "Ohrid"]
[Date "2001.06.07"]
[Round "7"]
[White "Lputian, Smbat G"]
[Black "Aseev, Konstantin N"]
[Result "1/2-1/2"]
[WhiteElo "2607"]
[BlackElo "2577"]
[PlyCount "25"]
[EventDate "2001.06.01"]
[EventType "swiss"]
[EventRounds "13"]
[EventCountry "YUG"]
[SourceTitle "CBM 084"]
[Source "ChessBase"]
[SourceDate "2001.09.13"]
[SourceVersion "1"]
[SourceVersionDate "2001.09.13"]
[SourceQuality "1"]

1. d4 Nf6 2. Nf3 e6 3. g3 c5 4. Bg2 cxd4 5. 0-0 a6 6. Nxd4 Qc7 7. b3 d5 8. c4 dxc4 9. bxc4 Be7 10. Ba3 Bxa3 11. Nxa3 0-0 12. Nb3 Bd7 13. c5 1/2-1/2